How to Get to Narnia Quiz Stats

 Plays Quiz not verified by Sporcle

Challenge
Share
Tweet
Embed
Score 0/12 Timer 08:00
0 Plays Today
Book % Correct
The Lion, The Witch, and The WardrobeWardrobe
96.5%
The Lion, The Witch, and The WardrobeWardrobe
96.3%
The Voyage of the Dawn TreaderThe Picture in the Bedroom
85.5%
The Last BattleA Frightful Jerk while Riding on a Train
85.5%
The Magician's NephewGreen rings
80.5%
Prince CaspianTrain station
72.2%
The Silver ChairA Door in the Wall/A Cloud Pushed by Aslan's Breath
63%
The Magician's NephewAslan
59.5%
The Last BattleThe Stable
17.5%
Prince CaspianDoorway
17.1%
The Silver ChairAslan's Breath
14.6%
The Voyage of the Dawn TreaderA Door in the Sky
11.3%

You're not logged in!

Compare scores with friends on all Sporcle quizzes.
OR
Log In

You Might Also Like...

Show Comments

Extras

Top Quizzes Today


Score Distribution

Your Account Isn't Verified!

In order to create a playlist on Sporcle, you need to verify the email address you used during registration. Go to your Sporcle Settings to finish the process.

Report this User

Report this user for behavior that violates our Community Guidelines.

Details: